<?xml version="1.0" encoding="UTF-8"?>
<marc:record xmlns:marc="http://www.loc.gov/MARC21/slim">
   <marc:leader>00000nam a2200000 a 4500</marc:leader>
   <marc:datafield ind1="1" ind2=" " tag="100">
      <marc:subfield code="a">Dockrill, Laura</marc:subfield>
      <marc:subfield code="4">aut</marc:subfield>
      <marc:subfield code="e">Verfasser/-in</marc:subfield>
   </marc:datafield>
   <marc:datafield ind1="0" ind2="0" tag="245">
      <marc:subfield code="a">Flora</marc:subfield>
   </marc:datafield>
   <marc:datafield ind1="0" ind2="0" tag="245">
      <marc:subfield code="c">Dockrill, Laura</marc:subfield>
   </marc:datafield>
   <marc:datafield ind1=" " ind2="1" tag="264">
      <marc:subfield code="a">Weinheim</marc:subfield>
      <marc:subfield code="b">Gulliver von Beltz &amp; Gelberg</marc:subfield>
      <marc:subfield code="c">2023</marc:subfield>
   </marc:datafield>
   <marc:datafield ind1="1" ind2=" " tag="490">
      <marc:subfield code="a">Super lesbar</marc:subfield>
   </marc:datafield>
   <marc:datafield ind1="1" ind2=" " tag="520">
      <marc:subfield code="a">Floras liebster Ort auf der Welt ist der Blumenstand ihrer Familie in der großen Markthalle. Hier wimmelt es nur so von bunten Blüten und Topfpflanzen aller Art. Für Flora ist es ein magischer Ort. Sie weiß genau, dass sie den Marktstand einmal selbst übernehmen möchte. Genau wie ihre Oma und ihr Papa zuvor. Doch der Traum ist in Gefahr, weil Floras Eltern darüber streiten, den Stand zu verkaufen. Flora muss das verhindern!&#xD;
&#xD;
Eine einfühlsame Geschichte, die Mut macht, seinen eigenen Träumen zu folgen – leicht zu lesen und spannend erzählt. Einfach super lesbar! Mehr zu den super lesbaren Büchern unter www.superlesbar.de</marc:subfield>
   </marc:datafield>
   <marc:datafield ind1=" " ind2=" " tag="020">
      <marc:subfield code="a">9783407823908</marc:subfield>
      <marc:subfield code="9">9783407823908</marc:subfield>
   </marc:datafield>
   <marc:datafield ind1=" " ind2=" " tag="020">
      <marc:subfield code="a">3407823908</marc:subfield>
      <marc:subfield code="9">3407823908</marc:subfield>
   </marc:datafield>
   <marc:datafield ind1=" " ind2=" " tag="041">
      <marc:subfield code="a">ger</marc:subfield>
   </marc:datafield>
   <marc:datafield ind1=" " ind2=" " tag="300">
      <marc:subfield code="a">95 Seiten</marc:subfield>
   </marc:datafield>
</marc:record>
